[Event "Tournoi Skype 020B"]
[Site "Skype"]
[Date "????.??.??"]
[Round "5.25"]
[White "Vincent, Andre"]
[Black "Gieschen, Mike"]
[Result "0-1"]
[WhiteElo "1386"]
[BlackElo "1212"]
[PlyCount "120"]

1. Nf3 d5 2. d4 Nf6 3. c4 c6 4. Nc3 Bf5 5. g3 e6 6. Bg2 Bd6 7. O-O O-O 8. Be3
h6 9. Nh4 Bh7 10. Rc1 dxc4 11. Qd2 Nbd7 12. Nf3 b5 13. a3 a6 14. h3 c5 15. Ne5
Rc8 16. Nxd7 Qxd7 17. dxc5 Bxc5 18. Qxd7 Nxd7 19. Rcd1 Bxe3 20. fxe3 Nc5 21.
Rd6 Rfd8 22. Rd4 Rxd4 23. exd4 Nb3 24. Rf4 g5 25. Rf2 Nxd4 26. e4 Rd8 27. Kf1
Nb3 28. Ke1 Nc1 29. Rd2 Rxd2 30. Kxd2 Nb3+ 31. Ke3 Kg7 32. Bf3 f5 33. e5 Nc5
34. Kd4 Nd3 35. Nd1 Bg6 36. b3 Ne1 37. Be2 cxb3 38. Kc5 Nc2 39. Kb6 Nxa3 40.
Kxa6 f4 41. gxf4 gxf4 42. Nb2 Be4 43. Ka5 f3 44. Bf1 Kg6 45. Kb4 Nc2+ 46. Kxb3
Ne3 47. Bxb5 f2 48. Kc3 f1=Q 49. Bxf1 Nxf1 50. Kd4 Bg2 51. h4 Nh2 52. Nd3 Nf3+
53. Ke3 Nxh4 54. Nf4+ Kf5 55. Nxe6 Kxe6 56. Kf4 Nf5 57. Kg4 Bf1 58. Kh5 Be2+
59. Kg6 h5 60. Kg5 Kxe5 0-1

[Event "Tournoi Skype 020B"]
[Site "Skype"]
[Date "????.??.??"]
[Round "5.27"]
[White "Homme, Jim"]
[Black "Cengiz, Ali Ekber"]
[Result "0-1"]
[WhiteElo "1204"]
[BlackElo "1200"]
[PlyCount "56"]

1. d4 d5 2. f4 Nf6 3. Nc3 Bf5 4. e3 Bg4 5. Be2 h5 6. Nf3 e6 7. Ne5 Bb4 8. Bd2
Ne4 9. Nxe4 Bxd2+ 10. Qxd2 dxe4 11. Nxg4 hxg4 12. Bxg4 Qh4+ 13. Qf2 Qxg4 14. h3
Qg6 15. O-O-O Na6 16. Rhf1 Rh5 17. Qe2 Ra5 18. Qc4 O-O-O 19. Rf2 f5 20. Kb1 Qe8
21. Qc3 b6 22. Rfd2 Qe7 23. Qc4 Nb4 24. a3 Nd5 25. b4 Nxe3 26. bxa5 Nxc4 27.
axb6 Nxa3+ 28. Kb2 Qb4+ 0-1

[Event "Tournoi Skype 020B"]
[Site "Skype"]
[Date "????.??.??"]
[Round "5.28"]
[White "Codina, Teresa"]
[Black "Martin, Elise"]
[Result "1-0"]
[WhiteElo "1283"]
[BlackElo "1038"]
[PlyCount "41"]

1. e4 e5 2. Nf3 Nc6 3. Bb5 Bc5 4. c3 Nf6 5. d3 O-O 6. O-O d5 7. exd5 Qxd5 8.
Nbd2 Qe6 9. Bc4 Qf5 10. Re1 Nh5 11. Nf1 Be7 12. b4 Qg6 13. d4 e4 14. Ne5 Qf6
15. Qxh5 e3 16. Bxe3 Bf5 17. Bg5 Qd6 18. Bxf7+ Kh8 19. Ng6+ Bxg6 20. Bxg6 Bxg5
21. Qxh7# 1-0

[Event "Tournoi Skype 020B"]
[Site "Skype"]
[Date "????.??.??"]
[Round "5.29"]
[White "Tekes, Gamze"]
[Black "Lequeux, Pierre"]
[Result "1-0"]
[WhiteElo "1007"]
[BlackElo "1180"]
[PlyCount "85"]

1. e4 e5 2. Nf3 d6 3. Nc3 Bg4 4. Bb5+ c6 5. Ba4 Be7 6. O-O Nf6 7. d3 h6 8. b4
b5 9. Bb3 O-O 10. Qd2 Bxf3 11. gxf3 Na6 12. Ne2 Nc7 13. Ng3 Nh7 14. f4 exf4 15.
Nf5 Bg5 16. f3 g6 17. h4 Bf6 18. Qg2 Kh8 19. Nxh6 Bxa1 20. Nxf7+ Rxf7 21. Bxf7
Bd4+ 22. Rf2 Bxf2+ 23. Qxf2 Kg7 24. Bb3 Kf8 25. Bxf4 Ke8 26. Bg3 g5 27. c4 Kd7
28. cxb5 Nxb5 29. a4 Nc7 30. h5 a5 31. b5 cxb5 32. axb5 a4 33. Qb6 Ke7 34. Ba2
Rb8 35. Bxd6+ Ke8 36. Qc6+ Qd7 37. Bf7+ Kd8 38. Bxc7+ Kc8 39. Be6 Rb6 40. Qxd7+
Kb7 41. Bd8+ Ka8 42. Bd5+ Kb8 43. Qc7# 1-0

[Event "Tournoi Skype 020B"]
[Site "Skype"]
[Date "????.??.??"]
[Round "5.32"]
[White "Yilmazer, Seher"]
[Black "Mimouni, Driss"]
[Result "1-0"]
[WhiteElo "1043"]
[BlackElo "1000"]
[PlyCount "51"]

1. e4 e5 2. d3 d6 3. Nf3 Bg4 4. Be2 Nf6 5. O-O Be7 6. Nc3 Nc6 7. d4 exd4 8.
Nxd4 Nxd4 9. Qxd4 c5 10. Qc4 Be6 11. Qd3 Ng4 12. e5 c4 13. Qg3 Qc7 14. Bxg4 Qd7
15. h3 dxe5 16. Be3 h5 17. Rad1 Qc6 18. Bf3 Qc7 19. Qxg7 Bf8 20. Qxh8 Qe7 21.
Bxh5 Rd8 22. Bh6 Rxd1 23. Rxd1 b5 24. Ne4 b4 25. Nf6+ Qxf6 26. Qxf8# 1-0

[Event "Tournoi Skype 020B"]
[Site "Skype"]
[Date "????.??.??"]
[Round "5.33"]
[White "Schnell, Nicolas"]
[Black "Alverson, Ginny"]
[Result "0-1"]
[WhiteElo "1000"]
[BlackElo "1146"]
[PlyCount "88"]

1. e4 c5 2. Nc3 Nf6 3. g4 d6 4. Nf3 Bxg4 5. Bg2 Nbd7 6. O-O Ne5 7. Qe2 e6 8.
Nxe5 Bxe2 9. Re1 dxe5 10. Nxe2 Be7 11. d3 O-O 12. f3 Qa5 13. Rf1 Rad8 14. f4
Ng4 15. fxe5 Nxe5 16. Be3 Ng4 17. Bf4 e5 18. Bg3 Ne3 19. Rf2 Nxc2 20. Rc1 Qd2
21. Rcf1 Ne3 22. Rb1 Qxd3 23. Re1 Nc2 24. Ref1 Qe3 25. Bxe5 Bh4 26. Ng3 Bxg3
27. hxg3 Rd2 28. Bf4 Qd4 29. Bxd2 Ne3 30. Bh3 Nxf1 31. Be1 Nxg3 32. e5 Qxe5 33.
Rg2 Qxe1+ 34. Kh2 Nf1+ 35. Kh1 Ng3+ 36. Kh2 Rd8 37. Rxg3 Rd2+ 38. Bg2 Qf2 39.
Kh3 Qf5+ 40. Rg4 Qh5+ 41. Kg3 Qe5+ 42. Kh4 Qe1+ 43. Rg3 Rxg2 44. Kh3 Qxg3# 0-1

[Event "Tournoi Skype 020B"]
[Site "Skype"]
[Date "????.??.??"]
[Round "6.1"]
[White "Diaz, Jose Garcia"]
[Black "Fernandez Cabello, Emilio"]
[Result "1-0"]
[WhiteElo "1251"]
[BlackElo "1520"]
[PlyCount "93"]

1. e4 e6 2. c4 d5 3. cxd5 exd5 4. exd5 Qxd5 5. Nc3 Qe5+ 6. Be2 c6 7. Nf3 Qc7 8.
O-O Nf6 9. Re1 Be7 10. Bc4 O-O 11. d4 Bf5 12. Bg5 h6 13. Bh4 g5 14. Bg3 Bd6 15.
Ne5 Nbd7 16. Qf3 Bg4 17. Nxg4 Nxg4 18. Qxg4 Rae8 19. Bxd6 Qxd6 20. Rxe8 Rxe8
21. h4 Nf6 22. Qg3 Qxd4 23. hxg5 Nh5 24. Qd3 Qxd3 25. Bxd3 hxg5 26. f3 Nf4 27.
Bc4 Kg7 28. Rd1 Re7 29. Ne4 f6 30. Rd6 f5 31. Nxg5 Re1+ 32. Kf2 Rb1 33. Ne6+
Nxe6 34. Bxe6 Rxb2+ 35. Kg3 Kf6 36. Bc8+ Ke5 37. Re6+ Kd4 38. Re7 f4+ 39. Kxf4
Rxg2 40. Bxb7 c5 41. Re4+ Kc3 42. Ra4 c4 43. Bd5 Rh2 44. Kg3 Rd2 45. Bxc4 Rd4
46. Bb3 Rd7 47. f4 1-0

[Event "Tournoi Skype 020B"]
[Site "Skype"]
[Date "????.??.??"]
[Round "6.2"]
[White "Luna Perez Vico, Lorenzo"]
[Black "Chavero, Victor"]
[Result "1-0"]
[WhiteElo "1550"]
[BlackElo "1376"]
[PlyCount "84"]

1. e4 e5 2. Nf3 Nc6 3. d4 d6 4. h3 exd4 5. Nxd4 Bd7 6. Nc3 Nf6 7. Bb5 Nxd4 8.
Bxd7+ Nxd7 9. Qxd4 a6 10. Bf4 Nf6 11. Nd5 Be7 12. O-O O-O 13. Rfe1 Nxd5 14.
Qxd5 Qd7 15. b3 Rad8 16. Rad1 Bf6 17. Qxb7 Ra8 18. e5 Qf5 19. exf6 Qxf4 20.
fxg7 Kxg7 21. c4 Kh6 22. Qxc7 Rg8 23. Qxd6+ Qxd6 24. Rxd6+ Kg7 25. Re7 Rgd8 26.
Rdd7 Rxd7 27. Rxd7 Rc8 28. Ra7 Rc6 29. Kf1 Kf6 30. Rd7 Ke6 31. Rd5 Kf6 32. c5
Kg7 33. Ke2 Rg6 34. g3 Rc6 35. b4 h5 36. Rxh5 Kg6 37. Rd5 Re6+ 38. Kd2 Re4 39.
a3 a5 40. Kd3 Re1 41. Kd2 Ra1 42. h4 Rxa3 1-0

[Event "Tournoi Skype 020B"]
[Site "Skype"]
[Date "????.??.??"]
[Round "6.3"]
[White "Vervoort, Jean-Louis"]
[Black "Gerbaux, Regis"]
[Result "0-1"]
[WhiteElo "1209"]
[BlackElo "1505"]
[PlyCount "56"]

1. d4 d5 2. c4 e6 3. Nc3 Nf6 4. Bg5 Be7 5. Bxf6 Bxf6 6. Nf3 O-O 7. e3 Nd7 8.
cxd5 exd5 9. Nxd5 c6 10. Nf4 c5 11. Bc4 cxd4 12. exd4 Qe7+ 13. Ne2 Qb4+ 14. Qd2
Qxc4 15. b3 Qd5 16. O-O b6 17. Nf4 Qd6 18. Rfe1 Bb7 19. Nh5 Bxf3 20. gxf3 Bh4
21. Kh1 Nf6 22. Ng3 Bxg3 23. fxg3 Qd5 24. Qf4 Rfe8 25. Rec1 Re2 26. Rc3 Rae8
27. Rac1 Qe6 28. R1c2 Qh3 0-1

[Event "Tournoi Skype 020B"]
[Site "Skype"]
[Date "????.??.??"]
[Round "6.4"]
[White "Jogi, Kalpesh"]
[Black "Mordaa, Ahmad"]
[Result "1/2-1/2"]
[WhiteElo "1000"]
[BlackElo "1413"]
[PlyCount "123"]

1. e4 e5 2. d4 exd4 3. Qxd4 Nc6 4. Qc4 Nf6 5. Nf3 d6 6. Ng5 Ne5 7. Qb5+ c6 8.
Qb3 h6 9. Nf3 Nxe4 10. Nxe5 dxe5 11. Qe3 Qa5+ 12. c3 Nf6 13. Be2 Bd6 14. O-O
O-O 15. Qg3 Ne4 16. Qd3 Qd5 17. Qxd5 cxd5 18. Bf3 Nf6 19. Be3 e4 20. Bd1 Be6
21. Bb3 b6 22. h3 Rac8 23. Rd1 Be5 24. Bd4 Bxd4 25. cxd4 Nh5 26. Nc3 Nf6 27.
Rd2 a6 28. a4 Rfd8 29. Bd1 Ne8 30. Be2 Ra8 31. f3 Nd6 32. fxe4 Nxe4 33. Nxe4
dxe4 34. Rad1 a5 35. d5 Bf5 36. d6 e3 37. Rd5 Be6 38. Re5 Bb3 39. Rd4 Re8 40.
Rde4 Rxe5 41. Rxe5 Be6 42. Rxe3 Rd8 43. Rd3 Bc4 44. Rd2 Bxe2 45. Rxe2 Rxd6 46.
Kh2 Kf8 47. Re4 Rd2 48. b4 axb4 49. Rxb4 Rd6 50. Rb5 Ke7 51. Rb4 g6 52. Rc4 f5
53. Rb4 Ke6 54. Rb5 g5 55. a5 bxa5 56. Rxa5 h5 57. g4 hxg4 58. hxg4 fxg4 59.
Rxg5 Rd4 60. Kg3 Kf6 61. Rxg4 Rxg4+ 62. Kxg4 1/2-1/2

[Event "Tournoi Skype 020B"]
[Site "Skype"]
[Date "????.??.??"]
[Round "6.5"]
[White "Briere, Jean"]
[Black "Hargez, Dany"]
[Result "1-0"]
[WhiteElo "1390"]
[BlackElo "1462"]
[PlyCount "55"]

1. e4 e5 2. Nf3 Nf6 3. Nxe5 d5 4. exd5 Qxd5 5. Qe2 Be7 6. Nc3 Qd8 7. Qf3 O-O 8.
Be2 Bd6 9. d4 Bb4 10. Be3 Bxc3+ 11. bxc3 Nc6 12. Bf4 Be6 13. O-O Bd5 14. Qg3
Ne4 15. Qe3 Qh4 16. Nf3 Qf6 17. Be5 Nxe5 18. Nxe5 Qd6 19. c4 Bc6 20. c5 Qg6 21.
Nxg6 fxg6 22. Bc4+ Kh8 23. d5 Bd7 24. Qxe4 Rae8 25. Qd4 Bf5 26. Rfe1 Rd8 27.
Re7 Bd7 28. Qxg7# 1-0

[Event "Tournoi Skype 020B"]
[Site "Skype"]
[Date "????.??.??"]
[Round "6.6"]
[White "Escudero Ocana, Francisco"]
[Black "Khatanhar, Mohit"]
[Result "1-0"]
[WhiteElo "1446"]
[BlackElo "1369"]
[PlyCount "71"]

1. e4 e5 2. Nf3 d6 3. Nc3 Be6 4. d3 Be7 5. Be3 h6 6. d4 exd4 7. Bxd4 Nc6 8.
Bxg7 Rh7 9. Bd4 Qd7 10. Bd3 O-O-O 11. e5 Bf5 12. exd6 Bxd3 13. Qxd3 f5 14. dxe7
Rxe7+ 15. Be3 Qe6 16. Qe2 Qf7 17. O-O f4 18. Rfd1 fxe3 19. Rxd8+ Nxd8 20. fxe3
Nf6 21. h3 Ne6 22. Qc4 Qg7 23. Rd1 Re8 24. Nd4 Nxd4 25. Qxd4 Rg8 26. Rd2 Qg3
27. Rf2 Nh5 28. Qxa7 Rd8 29. Qa8+ Kd7 30. Rf7+ Ke8 31. Rf8+ Kxf8 32. Qxd8+ Kf7
33. Qd5+ Kf8 34. Qxh5 Qxe3+ 35. Kf1 Qf4+ 36. Qf3 1-0

[Event "Tournoi Skype 020B"]
[Site "Skype"]
[Date "????.??.??"]
[Round "6.7"]
[White "Kruk, Clementine"]
[Black "Vello, Pablo"]
[Result "1/2-1/2"]
[WhiteElo "1443"]
[BlackElo "1289"]
[PlyCount "65"]

1. e4 c5 2. d4 cxd4 3. c3 dxc3 4. Nxc3 e5 5. Nf3 Nc6 6. Bc4 h6 7. O-O Nf6 8.
Qb3 Qe7 9. Nd5 Nxd5 10. Bxd5 Na5 11. Qb5 Nc6 12. Bxc6 dxc6 13. Qxe5 Qxe5 14.
Nxe5 Be7 15. Rd1 O-O 16. Nd7 Re8 17. Bf4 Rd8 18. Ne5 Be6 19. Rd3 Rxd3 20. Nxd3
Rd8 21. Ne5 f6 22. Ng6 Kf7 23. Nxe7 Kxe7 24. h4 h5 25. b3 Kf7 26. Kf1 Rd3 27.
Ke2 Rd7 28. Rd1 Rxd1 29. Kxd1 Ke7 30. Kd2 Kd7 31. Kc3 a5 32. a4 c5 33. Bb8
1/2-1/2

[Event "Tournoi Skype 020B"]
[Site "Skype"]
[Date "????.??.??"]
[Round "6.8"]
[White "Sommadossi, Roberto"]
[Black "Khunte, Aniruddha"]
[Result "0-1"]
[WhiteElo "1423"]
[BlackElo "1000"]
[PlyCount "88"]

1. e4 e5 2. Nc3 Nf6 3. f4 Nc6 4. Nf3 Bb4 5. fxe5 Ng4 6. d4 Bxc3+ 7. bxc3 d5 8.
exd6 Qxd6 9. h3 Qg3+ 10. Ke2 Nf2 11. Qe1 Nxe4 12. Bd2 Qxe1+ 13. Bxe1 O-O 14.
Ke3 Re8 15. Bd3 Ng3+ 16. Kf2 Nxh1+ 17. Kg1 Ne7 18. Kxh1 Bf5 19. Bb5 c6 20. Ba4
b5 21. Bb3 a5 22. a4 bxa4 23. Bxa4 Rec8 24. Ne5 c5 25. Bb3 Be6 26. Bxe6 fxe6
27. Nd7 Nd5 28. Nxc5 Ne3 29. Bd2 Nxc2 30. Ra4 e5 31. Rc4 exd4 32. cxd4 Nxd4 33.
Rxd4 Rxc5 34. Bf4 a4 35. Bd6 Rc6 36. Ba3 Rc3 37. Bb4 Rb3 38. Rg4 a3 39. Bc5 a2
40. Kh2 a1=Q 41. Bd4 Qa7 42. Bxa7 Rxa7 43. Re4 Ra8 44. g4 Ra2+ 0-1

[Event "Tournoi Skype 020B"]
[Site "Skype"]
[Date "????.??.??"]
[Round "6.9"]
[White "Marino, Giuseppe"]
[Black "Delmonte, Davide"]
[Result "1/2-1/2"]
[WhiteElo "1418"]
[BlackElo "1195"]
[PlyCount "68"]

1. Nf3 Nf6 2. d4 e6 3. e3 d5 4. Bd3 c5 5. c3 Nbd7 6. O-O Bd6 7. Nbd2 O-O 8. e4
cxd4 9. Nxd4 Qc7 10. N4f3 Nc5 11. Qc2 Ng4 12. g3 Nxd3 13. Qxd3 Qb6 14. b4 Re8
15. Qe2 Bd7 16. e5 Bc7 17. h3 Nh6 18. a4 Rac8 19. Nb3 Nf5 20. Bf4 Bd8 21. g4
Rxc3 22. gxf5 Rxb3 23. fxe6 Qxe6 24. Nd4 Qg6+ 25. Bg3 Rxb4 26. Nf3 Bc7 27. Nh4
Rxh4 28. Kh2 Bxe5 29. Bxe5 Rxe5 30. Qf3 Rxh3+ 31. Qxh3 Bxh3 32. Rg1 Qf5 33. Rg3
Re2 34. Re3 Qxf2+ 1/2-1/2

[Event "Tournoi Skype 020B"]
[Site "Skype"]
[Date "????.??.??"]
[Round "6.10"]
[White "Levantini, Claudio"]
[Black "Aceituno, Stebe"]
[Result "0-1"]
[WhiteElo "1242"]
[BlackElo "1491"]
[PlyCount "66"]

1. e4 c5 2. Nf3 Nc6 3. d4 cxd4 4. Nxd4 Nf6 5. Nc3 a6 6. Be3 e5 7. Nf3 Bb4 8. a3
Bxc3+ 9. bxc3 Nxe4 10. Qd3 d5 11. Rd1 Be6 12. g3 Qa5 13. Bg2 Qxc3+ 14. Qxc3
Nxc3 15. Rd3 d4 16. Bd2 e4 17. Rxc3 dxc3 18. Bxc3 exf3 19. Bxf3 O-O 20. O-O Bh3
21. Rb1 Rfe8 22. Rxb7 Ne5 23. Bd5 Kh8 24. f4 Ng4 25. Rxf7 Nf6 26. Bxa8 Rxa8 27.
Bxf6 gxf6 28. Rxf6 Kg7 29. Rc6 Bf5 30. c4 Be4 31. Rc7+ Kg6 32. c5 Kf6 33. Rxh7
Bxh7 0-1

[Event "Tournoi Skype 020B"]
[Site "Skype"]
[Date "????.??.??"]
[Round "6.12"]
[White "Torres, Vicky"]
[Black "Kruzeniski, Randy"]
[Result "0-1"]
[WhiteElo "1359"]
[BlackElo "1425"]
[PlyCount "58"]

1. Nc3 d5 2. d4 Nf6 3. e3 e6 4. Nf3 Bd6 5. Bb5+ c6 6. Ba4 b5 7. Bb3 a5 8. a4 b4
9. Ne2 Nbd7 10. Ng3 c5 11. c3 c4 12. Bc2 Bb7 13. b3 cxb3 14. Bxb3 bxc3 15. O-O
Qc7 16. Bc2 Ne4 17. Bxe4 dxe4 18. Ng5 h6 19. N5xe4 Bxe4 20. Qg4 Bg6 21. Ba3
Bxa3 22. Rxa3 Nf6 23. Qf4 Qxf4 24. exf4 c2 25. Rc3 Nd5 26. Rc5 O-O 27. Re1 Nxf4
28. Nf1 Nd3 29. Rc3 Nxe1 0-1

[Event "Tournoi Skype 020B"]
[Site "Skype"]
[Date "????.??.??"]
[Round "6.13"]
[White "Lemoine, Gerard"]
[Black "Zenini, Simone"]
[Result "0-1"]
[WhiteElo "1297"]
[BlackElo "1420"]
[PlyCount "50"]

1. d4 Nf6 2. c4 g6 3. Nc3 Bg7 4. Nf3 d6 5. e4 Nbd7 6. e5 dxe5 7. dxe5 Ng4 8.
Bf4 O-O 9. Qd4 c5 10. Qd2 Ndxe5 11. h3 Nxf3+ 12. gxf3 Qxd2+ 13. Bxd2 Nf6 14. h4
Bf5 15. Bg5 h6 16. Bxf6 Bxf6 17. O-O-O Rad8 18. Nd5 Kg7 19. Nf4 Rxd1+ 20. Kxd1
Bxb2 21. h5 g5 22. Nd5 Rd8 23. Ke2 e6 24. Ne7 Bd3+ 25. Ke3 Bc1# 0-1

[Event "Tournoi Skype 020B"]
[Site "Skype"]
[Date "????.??.??"]
[Round "6.14"]
[White "Dubois, Real"]
[Black "Battaglia, Gabriele"]
[Result "1-0"]
[WhiteElo "1381"]
[BlackElo "1360"]
[PlyCount "61"]

1. d4 d5 2. Nf3 Nf6 3. e3 e6 4. Bd3 Be7 5. Ne5 Nbd7 6. Nf3 c5 7. c3 O-O 8. O-O
Qc7 9. Qc2 cxd4 10. exd4 Re8 11. Ng5 g6 12. Be3 Ng4 13. g3 Bxg5 14. Bxg5 e5 15.
dxe5 Qxe5 16. Bf4 Qg7 17. Na3 a6 18. Qd2 Nc5 19. Rae1 Bd7 20. Be2 Nf6 21. Bf3
Bc6 22. Rxe8+ Rxe8 23. Nc2 Nce4 24. Bxe4 dxe4 25. Nd4 Bd5 26. f3 Nh5 27. fxe4
Bxe4 28. Bg5 f6 29. Be3 Qd7 30. Nf3 Ng7 31. Qxd7 1-0

[Event "Tournoi Skype 020B"]
[Site "Skype"]
[Date "????.??.??"]
[Round "6.15"]
[White "Ramirez Reina, Orlando"]
[Black "Dhenain, Sebastien"]
[Result "0-1"]
[WhiteElo "1372"]
[BlackElo "1230"]
[PlyCount "36"]

1. e4 e5 2. Nf3 Nc6 3. Bc4 Bc5 4. c3 Nf6 5. d4 exd4 6. cxd4 Nxd4 7. Nxd4 Nxe4
8. O-O d5 9. Bb5+ c6 10. Ba4 O-O 11. Bb3 Qf6 12. Be3 Qg6 13. Qf3 Bg4 14. Qf4
Bd6 15. Qxe4 dxe4 16. Re1 Qh5 17. Nc3 Qxh2+ 18. Kf1 Qh1# 0-1

[Event "Tournoi Skype 020B"]
[Site "Skype"]
[Date "????.??.??"]
[Round "6.16"]
[White "Junqueira, Leonardo De Faria"]
[Black "Hernandez Lopez, Joaquin"]
[Result "1-0"]
[WhiteElo "1489"]
[BlackElo "1289"]
[PlyCount "103"]

1. e4 c5 2. d4 Qb6 3. dxc5 Qxc5 4. Nf3 a6 5. Be3 Qc7 6. Nc3 e6 7. Bd3 Nc6 8.
O-O Be7 9. a3 Nf6 10. Qd2 O-O 11. Bf4 e5 12. Bg5 Nd4 13. Nxd4 exd4 14. Ne2 Qe5
15. Bf4 Qh5 16. Nxd4 Ng4 17. Be2 d6 18. h3 f5 19. exf5 Bxf5 20. hxg4 Bxg4 21.
Bxg4 Qxg4 22. Bg3 Bg5 23. Qd3 d5 24. Nf3 Bf4 25. Qxd5+ Kh8 26. Bxf4 Rxf4 27.
Qg5 Raf8 28. Qxg4 Rxg4 29. Ne5 Rg5 30. Rae1 h5 31. f4 Rg3 32. Rf3 h4 33. Rxg3
hxg3 34. Rf1 Rf5 35. Rf3 g5 36. Rxg3 gxf4 37. Rh3+ Kg7 38. Nd3 Kf6 39. Rh7 Kg6
40. Rxb7 a5 41. Rc7 Rg5 42. Nxf4+ Kf6 43. Nd3 Rd5 44. Rc5 Rd4 45. Rxa5 Rd6 46.
b4 Rc6 47. Rc5 Ra6 48. Ra5 Rc6 49. Nc5 Rd6 50. Ra6 Ke5 51. Rxd6 Kxd6 52. g4 1-0

[Event "Tournoi Skype 020B"]
[Site "Skype"]
[Date "????.??.??"]
[Round "6.18"]
[White "Bacha, Mehdi"]
[Black "Martin, Jean-Claude"]
[Result "1-0"]
[WhiteElo "1030"]
[BlackElo "1434"]
[PlyCount "91"]

1. d4 e5 2. e3 exd4 3. exd4 d5 4. Nf3 Nf6 5. Bg5 Be7 6. Bb5+ Nc6 7. Nc3 O-O 8.
O-O h6 9. Bxf6 Bxf6 10. Re1 Bg4 11. Bxc6 bxc6 12. h3 Bxf3 13. Qxf3 Bxd4 14.
Rad1 Qf6 15. Qxf6 Bxf6 16. Ne2 Bxb2 17. Nf4 Rfe8 18. Rxe8+ Rxe8 19. Nd3 Bc3 20.
Nc5 Re1+ 21. Rxe1 Bxe1 22. Na6 Ba5 23. Nb8 c5 24. Nc6 Bb6 25. Ne7+ Kf8 26. Nxd5
c6 27. Nf4 Ke7 28. c4 Bc7 29. Nd3 Bd6 30. f3 g5 31. g4 f6 32. a4 a5 33. Kf2 Ke6
34. Ke3 f5 35. f4 gxf4+ 36. Nxf4+ Bxf4+ 37. Kxf4 fxg4 38. Kxg4 Kf6 39. Kf4 Ke6
40. h4 h5 41. Kg5 Kf7 42. Kxh5 Kg7 43. Kg5 Kh7 44. h5 Kh8 45. Kf6 Kh7 46. Ke6
1-0

[Event "Tournoi Skype 020B"]
[Site "Skype"]
[Date "????.??.??"]
[Round "6.19"]
[White "Guillaume, Mickael"]
[Black "Sanchez Padilla, Armando Edilber"]
[Result "1-0"]
[WhiteElo "1353"]
[BlackElo "1000"]
[PlyCount "55"]

1. d4 d5 2. Nc3 Nf6 3. Bf4 Nc6 4. e3 a6 5. Nf3 Bg4 6. h3 Bh5 7. Be2 h6 8. Ne5
Bxe2 9. Qxe2 Nb4 10. O-O e6 11. a3 Nc6 12. b4 Ne7 13. b5 c6 14. a4 Qa5 15. Qd3
Nh5 16. Bh2 Qb4 17. Rfb1 Qa5 18. Ne2 Ra7 19. c4 Nf6 20. bxc6 bxc6 21. Rb8+ Nc8
22. Rxc8+ Ke7 23. Nxc6+ Kd7 24. Nxa5 Kxc8 25. c5 Be7 26. Qb3 Nd7 27. c6 Ra8 28.
Qb7+ 1-0

[Event "Tournoi Skype 020B"]
[Site "Skype"]
[Date "????.??.??"]
[Round "6.20"]
[White "Amato, Ludovica"]
[Black "Bustos, Ricardo"]
[Result "0-1"]
[WhiteElo "1198"]
[BlackElo "1318"]
[PlyCount "58"]

1. e4 c5 2. Nf3 Nc6 3. d4 cxd4 4. Nxd4 g6 5. Nc3 Bg7 6. Be3 Nf6 7. Be2 O-O 8.
O-O d5 9. exd5 Nxd5 10. Qd2 Nxe3 11. Qxe3 Bxd4 12. Qd2 Bxf2+ 13. Rxf2 Qxd2 14.
Bc4 Qh6 15. Raf1 Ne5 16. Bb3 Be6 17. h3 Bxb3 18. axb3 Rad8 19. Re2 Qg7 20. Rfe1
Nc6 21. Re4 Rd4 22. Rxd4 Qxd4+ 23. Kh1 Qd2 24. Re2 Qc1+ 25. Kh2 Qxb2 26. Nd5
Qd4 27. Nxe7+ Nxe7 28. Rxe7 Qd6+ 29. g3 Qxe7 0-1

[Event "Tournoi Skype 020B"]
[Site "Skype"]
[Date "????.??.??"]
[Round "6.21"]
[White "Cengiz, Ali Ekber"]
[Black "Malbec, Robert"]
[Result "0-1"]
[WhiteElo "1200"]
[BlackElo "1477"]
[PlyCount "46"]

1. e4 e5 2. Nf3 Nc6 3. d4 exd4 4. Nxd4 Nxd4 5. Qxd4 c5 6. Qc3 d6 7. e5 g6 8.
Bf4 Bg7 9. Nd2 Qe7 10. Nc4 dxe5 11. Bxe5 f6 12. Nd6+ Kf8 13. Qxc5 Qxe5+ 14.
Qxe5 fxe5 15. Bc4 Ke7 16. Nf7 Be6 17. Nxh8 Bxc4 18. a3 Ba6 19. O-O-O Rd8 20. f4
Rxd1+ 21. Rxd1 Bxh8 22. Rd3 exf4 23. Rc3 Bxc3 0-1

[Event "Tournoi Skype 020B"]
[Site "Skype"]
[Date "????.??.??"]
[Round "6.22"]
[White "Baker, Abi"]
[Black "Porcabeuf, Jean-Marc"]
[Result "0-1"]
[WhiteElo "1118"]
[BlackElo "1337"]
[PlyCount "62"]

1. c4 c5 2. Nc3 e6 3. g3 Nf6 4. Bg2 d6 5. e3 Be7 6. Nge2 O-O 7. O-O Nbd7 8. d4
d5 9. cxd5 Nxd5 10. Nxd5 exd5 11. Bxd5 Qc7 12. a3 h6 13. b4 cxb4 14. axb4 Bxb4
15. f4 Rd8 16. Qb3 Bc5 17. Bxf7+ Kh8 18. Bb2 Be7 19. d5 Nf6 20. Nc3 Bh3 21. Nb5
Qd7 22. Rf3 a6 23. Nd4 Bd6 24. Ne6 Bxe6 25. dxe6 Qc6 26. h3 Qxf3 27. Qxb7 Qxb7
28. Bxf6 gxf6 29. g4 Be5 30. Ra5 Rd2 31. fxe5 Qg2# 0-1

[Event "Tournoi Skype 020B"]
[Site "Skype"]
[Date "????.??.??"]
[Round "6.23"]
[White "Farfallini, Michel"]
[Black "Douichi, Mohammed"]
[Result "1-0"]
[WhiteElo "1316"]
[BlackElo "1192"]
[PlyCount "67"]

1. e4 e5 2. Nc3 Nc6 3. Bc4 Nf6 4. Nf3 h6 5. O-O Bc5 6. b4 Nxb4 7. Nxe5 d5 8.
exd5 Bd4 9. d6 Bxe5 10. Re1 Qxd6 11. d4 O-O 12. dxe5 Qxd1 13. Nxd1 Nxc2 14.
exf6 Nxe1 15. fxg7 Kxg7 16. Bb2+ f6 17. Nc3 Re8 18. Nd5 Nc2 19. Rc1 Bf5 20.
Bxf6+ Kg6 21. Bc3 Rac8 22. f4 c6 23. Nf6 Red8 24. g4 Ne3 25. gxf5+ Kxf5 26. Be2
Kxf4 27. Kf2 Rd6 28. Nh5+ Kg5 29. Kxe3 Re8+ 30. Kf2 Rde6 31. Bd2+ Kh4 32. Rc4+
Kh3 33. Bg4+ Kxh2 34. Bf4+ 1-0

[Event "Tournoi Skype 020B"]
[Site "Skype"]
[Date "????.??.??"]
[Round "6.24"]
[White "Scata, Laura"]
[Black "Codina, Teresa"]
[Result "0-1"]
[WhiteElo "1058"]
[BlackElo "1283"]
[PlyCount "96"]

1. e4 c5 2. Nf3 d6 3. Bc4 Nf6 4. e5 Nc6 5. exf6 exf6 6. O-O Be7 7. Bb5 Bd7 8.
Bxc6 Bxc6 9. Re1 O-O 10. d3 d5 11. d4 cxd4 12. Nxd4 Bd7 13. Nf3 Be6 14. Bf4 Bc5
15. Be3 Qb6 16. Bxc5 Qxc5 17. Nc3 Qb4 18. b3 Qxc3 19. Qd3 Qc6 20. Nd4 Qa6 21.
Qxa6 bxa6 22. Nxe6 fxe6 23. Rxe6 a5 24. Rae1 Rac8 25. R1e2 d4 26. Rd6 Rfe8 27.
Kf1 Rxe2 28. Kxe2 Rxc2+ 29. Kf3 Rc3+ 30. Ke2 Rc2+ 31. Kf3 d3 32. Rxd3 Rxa2 33.
Ke3 Ra3 34. b4 axb4 35. Kd2 b3 36. Kd1 Ra1+ 37. Kd2 b2 38. Rb3 b1=Q 39. Rxb1
Rxb1 40. Ke3 a5 41. Kd2 a4 42. Kc2 Rb3 43. f3 f5 44. g3 g5 45. h3 h5 46. g4
hxg4 47. hxg4 fxg4 48. fxg4 Kf7 0-1

[Event "Tournoi Skype 020B"]
[Site "Skype"]
[Date "????.??.??"]
[Round "6.25"]
[White "Maccaferri, Massimo"]
[Black "Yilmazer, Seher"]
[Result "1-0"]
[WhiteElo "1261"]
[BlackElo "1043"]
[PlyCount "51"]

1. e4 e5 2. Bc4 Nf6 3. Nc3 d6 4. Qf3 Bg4 5. Qg3 h5 6. f3 b5 7. Be2 Nc6 8. fxg4
Nb4 9. Bd3 Qd7 10. gxh5 Rxh5 11. a3 Nc6 12. Nd5 Be7 13. Qxg7 O-O-O 14. Qxf7 Rh7
15. Nxe7+ Kb7 16. Qxf6 Qxe7 17. Qg6 Qh4+ 18. g3 Qe7 19. Bxb5 Nd4 20. Kd1 d5 21.
Ba4 dxe4 22. Ne2 Nf3 23. Qc6+ Kb8 24. Qb5+ Kc8 25. Qc6 e3 26. Qa8# 1-0

[Event "Tournoi Skype 020B"]
[Site "Skype"]
[Date "????.??.??"]
[Round "6.26"]
[White "Erten, Ozlem"]
[Black "Bucherie, Volcy"]
[Result "1-0"]
[WhiteElo "1015"]
[BlackElo "1236"]
[PlyCount "123"]

1. e4 c6 2. d4 d5 3. e5 Bf5 4. Nf3 e6 5. Bd3 Bxd3 6. Qxd3 Nd7 7. O-O c5 8. dxc5
Nxc5 9. Qb5+ Qd7 10. Nc3 Qxb5 11. Nxb5 Na6 12. Nd6+ Bxd6 13. exd6 Nf6 14. Bf4
O-O 15. Ne5 Rac8 16. c3 h6 17. Rac1 Rfd8 18. Nd3 Nh5 19. Be3 b6 20. Nb4 Nxb4
21. cxb4 Kh7 22. g4 Nf6 23. Rc7 Rxc7 24. dxc7 Rc8 25. Rc1 g5 26. h3 e5 27. Rc6
Ne8 28. a4 d4 29. Bd2 Rxc7 30. b5 f6 31. a5 bxa5 32. Bxa5 Rxc6 33. bxc6 d3 34.
Kf1 Kg6 35. c7 Nd6 36. Ke1 h5 37. Kd2 hxg4 38. hxg4 e4 39. Bb4 Nc4+ 40. Kc1 d2+
41. Bxd2 Nd6 42. Bb4 Nc8 43. Bc3 f5 44. gxf5+ Kxf5 45. Bd2 g4 46. Be3 Kg6 47.
Kd2 Kh5 48. Kc3 Kh4 49. Kd4 Nd6 50. Kd5 Nc8 51. Kxe4 a5 52. Kd5 Ne7+ 53. Kd6
Nc8+ 54. Kd7 g3 55. fxg3+ Kxg3 56. Kxc8 Kf3 57. Ba7 a4 58. Kd7 Ke4 59. c8=Q Kd3
60. Qa6+ Kc2 61. Qxa4+ Kxb2 62. Qc4 1-0